00745nam a2200241 a 4500001001000000005001700010008004100027041000800068044000800076050002200084100003100106245004900137250000700186260003300193300004600226500000900272650003000281650004400311902000800355942001100363999001500374952011400389BRCA_802120190320210110.0190314s1962----enka###f##---#001-0#eng-# aeng aenk 4aSB413b.A63c19621 aAllwood, Montagu C.91992610aCarnations for EverymancMontagu C. Allwood. a15 aLondonbBlanford Pressc1962 aIX, 120 p.bil. (algunas a color)c21 cm. a316314aClavelesvCuidados91864614aFloriculturavManuales y guías919927 aGFM 2lcccB c7690d7690 00104070aBRCAbBRCAd2014-03-19i3163l0oSB413 .A63 1962 (3163)p8632r2019-03-22 00:00:00w2019-03-22yB